Jak mówimy do Dziewczyny / Chłopaka - Statystyki

Ogólne statystyki
  • Ten quiz został rozwiązany 846 razy
  • Średni wynik to 4 z 12
Statystyki odpowiedzi
Odpowiedz % Poprawnych
Kochanie
95%
Misiu
82%
Skarbie
70%
Myszko
46%
Żabciu | Żabko
42%
Rybko
24%
Koteczku
16%
Pszczółko
12%
Cukiereczku
11%
Tygrysku
11%
Robaczku
9%
Skarbeńku
4%
Nie znaleziono quizów pasujących do podanych kryteriów
Rozkład punktacji
Procent ludzi z każdym wynikiem
Percentyl według liczby udzielonych odpowiedzi
Twoja historia wyników
Nie rozwiązałeś tego quizu